000 00603nam a2200217Ia 4500
003 OSt
005 20220926012549.0
006 a|||||r|||| 00| 0
007 ta
008 220923b |||||||| |||| 00| 0 eng d
037 _cGeneral Book
040 _aRTL
_cRTL
_beng
041 _2eng
_aeng
082 _aX655.42.N9, N1
245 0 _aDoing Business in Japan
260 _aNew York
_bEarnst & Young International
_c1991
300 _a128p
_ccm.
490 _aEarnst and Young International Business Series
942 _hX655.42.N9, N1
_cGB
_2CC
999 _c623566
_d623566